Responses for show #1044 - Thursday, March 2, 1989

Contestants

[<< previous game]

Bill Wright, an actor and writer from Los Angeles, California

Mary Jo Anhalt, a teacher from Bakersfield, California

Chris McKillop, a management consultant from Toronto, Canada (whose 2-day cash winnings total $27,351)

[next game >>]

Jeopardy! Round responses

STARTS WITH "F"
THE ARTS
LAW
A.K.A.
(Alex: Also known as.)
HORSES
HODGEPODGE
    $100 15
Ford

Mary Jo
    $100 3
India

Bill
    $100 17
a will

Mary Jo
    $100 22
Tippi Hedren

Chris
    $100 26
blonde (white)

Bill
    $100 2
Hirohito

Bill
    $200 9
flat

Bill
    $200 4
fake

Bill
    $200 18
a jury

Mary Jo
    $200 23
Pierre Trudeau

Chris
    $200 27
filly

Bill
    $200 6
"Taps"

Mary Jo
    $300 12
(Bill: What is a medic?)
(Mary Jo: What is a flight physician?)

flight surgeon

Mary JoBill
Triple Stumper
    $300 5
photography

Chris
    $300 16
trademarks

Bill
    $300 21
David Janssen

Bill
    $300 28
bridle

Bill
    $300 1
crochet

Mary Jo
    $400 13
flickers

Chris
    $400 10
(Chris: Who is "Too Tall" Jones?)
(Alex: I would have liked to see that!)

Herschel Walker

Chris
Triple Stumper
    $400 19
community property

Chris
    $400 24
(Chris: Who is Dennis Packard?)

Harold Robbins

ChrisMary Jo
    $400 29
two years

Chris
    $400 7
Ted Danson

Triple Stumper
    $500 14
flugelhorn

Bill
    $500 11
tapestry

Chris
    $1,500 20
a tort

Chris
    $500 25
(Bill: Um, um...who is Linda Lavin?)

Ellen Burstyn

Bill
Triple Stumper
    $500 30
(Alex: Oh, that's it..we're done? Surprise, surprise, Alex should check the board more often!)

harness racing

Chris
    $500 8
Bank of America

Chris

Scores at the first commercial break (after clue 15):

Chris Mary Jo Bill
$1,300 $300 $800

Scores at the end of the Jeopardy! Round:

Chris Mary Jo Bill
$4,000 $1,000 $1,500

Double Jeopardy! Round responses

AMERICAN HISTORY
FRENCH FOOD TERMS
BODIES OF WATER
AUTHORS
DESIGN
BIBLICAL 1st LINES
(Alex: Now this category has to do with the 1st line in the Bible spoken by a particular individual; we'll give you the line, you have to identify the speaker.)
    $200 20
Social Security

Mary Jo
    $200 1
crepe

Bill
    $200 11
(Bill: I came from there!)

the Great Salt Lake

Bill
    $200 26
Aldous Huxley

Bill
    $200 13
England

Bill
    $200 3
God

Chris
    $2,000 21
(Mary Jo: What is the French & Indian War?)

War of 1812

Mary Jo
    $400 2
nicoise

Mary Jo
    $400 10
(Bill: What is Ottawa?)
(Alex: Slight advantage for you there, being from Canada.)
(Chris: I was born there!)

Manitoba

ChrisBill
    $400 30
Jane Austen

Bill
    $400 14
Arabesque

Chris
    $400 8
(Mary Jo: Who was....?)

David

ChrisMary Jo
    $600 18
Alger Hiss

Chris
    $600 5
ratatouille

Mary Jo
    $600 4
Red Sea

Bill
    $600 29
Gustave Flaubert

Chris
    $600 15
Versailles

Bill
    $600 17
(Bill: Who was Adam?)

Eve

ChrisBill
    $800 19
Thomas Paine

Mary Jo
    $800 6
gourmand

Chris
    $800 7
firth

Mary Jo
    $800 28
Evelyn Waugh

Bill
    $800 16
Delft

Mary Jo
    $1,000 22
King Herod

Mary Jo
    $1000 25
Good Feelings

Chris
    $1000 12
bisque

Bill
    $1000 9
(Alex: Ox-bow lake; Yes, I recently visited Omaha & they have one there; I think it's called Carter Lake.)

ox-bow

Chris
    $1000 27
Pearl Buck

Triple Stumper
    $1000 24
Post-Modernist

Chris
    $1000 23
(Bill: Who was Potiphar?)
(Mary Jo: Who was Nebuchadnezzar?)

Joseph

ChrisMary JoBill

Scores at the end of the Double Jeopardy! Round:

Chris Mary Jo Bill
$12,000 $2,200 $3,700
(lock game)

[wagering suggestions for these scores]

Final Jeopardy! Round responses

STATE CAPITALS
Mary JoWhat is Tulsa, OK
$1,200
BillWhat is Boise?
$800
ChrisWhat is?
$4,500
(1 of) Dover, DE, Boise, ID & Salem, OR

Final scores:

Chris Mary Jo Bill
$7,500 $1,000 $4,500
3-day champion: $34,851 3rd place: pair of Lucien Piccard watches 2nd place: Trip to Safety Harbor Spa & Fitness Center in Tampa Bay

Game dynamics:

Coryat scores:

Chris Mary Jo Bill
$11,000 $4,000 $3,700
22 R
(including 1 DD),
2 W
13 R
(including 1 DD),
4 W
(including 1 DD)
19 R,
5 W

Combined Coryat: $18,700

The J! Archive is created by fans, for fans. The Jeopardy! game show and all elements thereof, including but not limited to copyright and trademark thereto, are the property of Jeopardy Productions, Inc. and are protected under law. This website is not affiliated with, sponsored by, or operated by Jeopardy Productions, Inc. Join the discussion at JBoard.tv.